Flag Quiz #3 - Statistics

General Stats
  • This quiz has been taken 102 times
  • The average score is 13 of 16
Answer Stats
Picture Answer % Correct
Canada
100%
Finland
100%
Italy
92%
Netherlands
92%
Vietnam
92%
Chile
88%
Georgia
88%
Pakistan
88%
Angola
80%
Honduras
80%
Kenya
80%
Morocco
80%
Fiji
76%
United Arab Emirates
72%
Bahrain
64%
Sudan
56%
No matching quizzes found
Score Distribution
Percent of People with Each Score
Percentile by Number Answered
Your Score History
You have not taken this quiz